00318pam a2200121 a 4500020000500000041000500005082002800010100001100038245006800049260005600117300001100173700001200184 c h a6.3120000000000003bDUN aDunham aData Mining Introductory And Advanced TopicshTextual Documents aNew DelhibPearson Education [Addison Wesley]c2007 aXV/311 aSridhar